000 00370nam a2200145Ia 4500
008 221007s9999 xx 000 0 und d
041 _aeng
082 _bKHA
100 _aKhade S (2k51026)
_9102227
245 _aStudy and Improvement of Confirmation Appraisal
260 _c2007
_bPune University
_aPune
300 _a66p
520 _aAbhyankar S
906 _bGeneral
999 _c69388
_d69388